LEADER 01199nam--2200397---450- 001 990001403440203316 005 20090526140113.0 010 $a88-8114-123-X 035 $a000140344 035 $aUSA01000140344 035 $a(ALEPH)000140344USA01 035 $a000140344 100 $a20040209d1995----km-y0enga50------ba 101 0 $aita 102 $aIT 105 $ay|||z|||001yy 200 1 $aSaggi di etica, giuridica e politica$fGino Capozzi 210 $aNapoli$cEdizioni scientifiche italiane$d1995 215 $a245 p.$d22 cm 225 2 $aScienza nuova$i2. ser.$v1 410 0$12001$aScienza nuova$h2. ser.$v1 606 0 $aDiritto 606 0 $aFilosofia e teoria 676 $a340.1 700 1$aCAPOZZI,$bGino$0469425 801 0$aIT$bsalbc$gISBD 912 $a990001403440203316 951 $aXXII.1.C 293 (IG XIX 102)$b39127 G.$cXXII.1.C 293 (IG XIX)$d00091326 959 $aBK 969 $aGIU 979 $aMARIA$b10$c20040209$lUSA01$h1141 979 $aPATRY$b90$c20040406$lUSA01$h1739 979 $aRENATO$b90$c20040629$lUSA01$h1641 979 $aRSIAV1$b90$c20090526$lUSA01$h1401 996 $aSaggi di Etica, Giuridica e Politica$9822668 997 $aUNISA